| 000 | 00636nam a22002417a 4500 | ||
|---|---|---|---|
| 003 | OSt | ||
| 005 | 20220107122833.0 | ||
| 008 | 170824b xxu||||| |||| 00| 0 eng d | ||
| 020 | _a9789380853918 | ||
| 040 | _cIIITMK | ||
| 100 |
_aDale, Nell _912914 |
||
| 245 | _aC++ plus data structures | ||
| 250 | _a5 | ||
| 260 |
_aBurlington, _bJones & Barlett Learning, _c2015. |
||
| 300 | _axiv,801p | ||
| 650 |
_aCOMPUTER SCIENCE _912915 |
||
| 650 |
_aPROGRAMMING LANGUAGE _912916 |
||
| 650 |
_aDATA STRUCTURES _912917 |
||
| 650 |
_aC++ _912918 |
||
| 650 |
_aALGORITHMS _912919 |
||
| 650 |
_aSOFTWARE ENGINEERING _912920 |
||
| 942 |
_2ddc _cBK |
||
| 999 |
_c5853 _d5853 |
||